02680cam a22005175a 4500999001700000001000900017003000900026005001700035008004100052020002100093020002100114020002400135020002100159020002300180020002100203020002400224020002100248020002400269020002200293020002500315040003800340043001200378082001900390245003900409264004900448264001000497300005400507336002600561337002800587338002700615500007200642500002300714504005100737505031100788650006101099650005701160651004001217653002301257655002401280942002301304952014901327952017601476952018801652952016101840952016102001 c20222d2019412774026EG-ScBUE20210322100046.0020514t2003 nyua f bd 001 0 eng d a0816051259 (set) a0816051267 (v.1) a9780816051267 (v.1) a0816051283 (v.2) a978081601281 (v.2) a0816051275 (v.3) a9780816051274 (v.3) a0816051291 (v.4) a9780816051298 (v.4) a0816051305 (v. 5) a9780816051304 (v. 5) aDLCbengerdacDLCdDLCdEG-ScBUE ae-uk---04a820.9bBAC22200aBackgrounds to English literature. 1aNew York, NY :bFacts on File, Inc.,c[2003] 4cc2003 a5 volumes :billustrations (some color) ;c26 cm 2rdacontentatextbtxt 2rdamediaaunmediatedbn 2rdacarrieravolumebnc aEnglish literature in its historical, cultural and social contexts. aIncludes glossary. aIncludes bibliographical references and index.0 gvolume 1.tThe Renaissance /rPatrick Lee-Browne --gvolume 2.tThe romantics /rNeil King --gvolume 3.tThe Victorians /rAidan Cruttenden --gvolume 4.tThe modernist period, 1900-1945 /rPatrick Lee-Browne --gvolume 5.tPost-war literature 1945 to the present / rCaroline Merz and Patrick Lee-Browne. 7aEnglish literaturexHistory and criticism.2BUEsh919770 7aLiterature and historyzGreat Britain.2BUEsh933576 7aGreat BritainxCivilization.2BUEsh cJuly2015bHHUUEENN vReading book934232 2ddck820.9 BACcBB 00102ddc40708BaccahaMAINbMAINc2NDd2015-07-06epurchaseg230.00h22696l0o820.9 BACp000038958r2025-07-15 00:00:00v288.00yBBzVOL. 1. 00102ddc40708BaccahaMAINbMAINc2NDd2015-07-06epurchaseg230.00h22696l1m1o820.9 BACp000038959r2025-07-15 00:00:00s2022-10-12v288.00w2015-07-06yBBzVOL. 2. 00102ddc40708BaccahaMAINbMAINc2NDd2015-07-06epurchaseg230.00h22696l1m5o820.9 BACp000038960q2024-11-28r2021-02-02 00:00:00s2021-02-02v288.00w2015-07-06yBBzVOL. 3. 00102ddc40708BaccahaMAINbMAINc2NDd2015-07-06epurchaseg230.00h22696l0o820.9 BACp000038961r2025-07-15 00:00:00v288.00w2015-07-06yBBzVOL. 4. 00102ddc40708BaccahaMAINbMAINc2NDd2015-07-06epurchaseg230.00h22696l0o820.9 BACp000038962r2025-07-15 00:00:00v288.00w2015-07-06yBBzVOL. 5.